Grey's anatomy logic puzzle Quiz Stats

 Plays Quiz not verified by Sporcle

Support Sporcle.
Go Orange.
Score 0/42 Timer 20:00
0 Plays Today
Box Square % Correct
C4










???
100%
C3










???
47.9%
A1










???
38.5%
E3










???
33.8%
F3










???
33.5%
F1










???
32.6%
A7










???
26.3%
B7










???
23.6%
C2










???
21%
A3










???
19.9%
D2










???
15.7%
E1










???
15.1%
B3










???
14.6%
F7










???
14.6%
B1










???
13.7%
D3










???
11.6%
C5










???
11.5%
E2










???
11.5%
C1










???
10.4%
D4










???
10.1%
B5










???
10%
Box Square % Correct
F5










???
9.1%
E4










???
8.7%
F4










???
8.4%
A2










???
8.4%
E5










???
8.4%
D5










???
7.9%
B2










???
7.7%
C6










???
7.2%
D1










???
7.2%
A4










???
7.1%
A5










???
5.6%
C7










???
5.5%
D6










???
5.1%
B4










???
4.9%
E7










???
4.9%
D7










???
4.6%
A6










???
4.3%
F6










???
4.2%
B6










???
4.2%
E6










???
3.2%
F2










???
1.6%

You're not logged in!

Compare scores with friends on all Sporcle quizzes.
OR
Log In

From the Vault

Rock Band Members

by citkeane

We played this quiz and enjoyed thinking about what each of these bands would be like if they added Billy Joel.
Remove Ads.
Support Sporcle.
Get the best of Sporcle when you Go Orange. This ad-free experience offers more features, more stats, and more fun while also helping to support Sporcle. Thank you for becoming a member.

Show Comments

Extras

Top Quizzes Today


Score Distribution

Your Account Isn't Verified!

In order to create a playlist on Sporcle, you need to verify the email address you used during registration. Go to your Sporcle Settings to finish the process.

Report this User

Report this user for behavior that violates our Community Guidelines.

Details: